000 00521nam a2200205Ia 4500
003 OSt
005 20230403161724.0
008 210423s2009 xx 000 0 und d
040 _cAL
041 _aeng
082 _a658
_223
_bBHAV
100 _aBHALLA (V K).
_982807
245 _aWorking capital management: text and cases.
250 _a9
260 _aNew Delhi
_bAnmol Publications
_c2009
300 _axv,984
365 _b900
_cINR
906 _acapital ; cases. ; management: ; Working
942 _2ddc
_cBK
999 _c156885
_d156885